1521 1875 1727 1907 1179 1885 1255 1098 1314 1341 1191 1802 1065 1081 1214 1269 1942 1402 1915 1250 1496 1064 1058 1564 1297 1872 1731 1275 1887 1493 1686 1838 1907 1295 1549 1917 1680 1796 1144 1110 1265 1930 1656 1792 1562 1644 1046 1875 1721 1776 1715 1315 1673 1133 1471 1259 1227 1732 1394 1426 1808 1203 1551 1809 1247 1543 1276 1357 1970 1767 1736 1176 1214 1847 1432 1564 1342 1094 1846 1166 1488 1054 1568 1712 1904 1979 1504 1602 1063 1326 1721 1735 1658 1957 1733 1595 1831 1985 1062 BCNSPRNW ULIB Ver.6.0+V

เปลี่ยนเป็นภาษาไทย

Change to English
 แสดงรายละเอียดบรรณานุกรม
  กลับหน้าหลัก

Brief Record : Get Marc (ISO 2709) : E-mail record : QR code < ปิดหน้าต่าง
LEADER : 00000nam 2200000uu 4500
001    13399127957
003     ULIB
008    211117s2563||||th 000 0 tha d
020 ^  ^a9786160041169
050 ^  ^aนว^bก832ก
100 0  ^aเก้าแต้ม.
245 1  ^aกรงเล็บอินทรี /^cเก้าแต้ม.
250 ^  ^aพิมพ์ครั้งที่ 1.
260 ^  ^aกรุงเทพฯ :^bพิมพ์คำ,^c2563.
300 ^  ^a415 หน้า ;^c21 ซม.
650 ^  ^aนวนิยาย.
945    ^p290^l0^i008547
999    ^aประนอม เกษจรัล
รายการนี้ยังไม่มีแท็ก
คุณยังไม่ได้ล็อกอิน คุณสามารถมีกิจกรรมร่วมกับเว็บไซต์ได้ แต่ต้องล็อกอินก่อน ::
  ล็อกอิน

รายการสื่อสารสนเทศ

ลำดับที่ ประเภท เลขเรียก/บาร์โค้ด สถานที่ สถานะ
1. นวนิยาย
นวนิยาย
นว ก832ก ฉ.1 
  Barcode: 008547
ห้องสมุดวิทยาเขตสวรรค์ประชารักษ์
►นวนิยาย
บนชั้น
  ขอยืม

รายการใกล้เคียง
    ผู้แต่ง [เก้าแต้ม.]

    หัวเรื่อง [นวนิยาย.]

BibComment


ยังไม่เคยถูกคอมเมนท์

คอมเมนท์ทรัพยากรรายการนี้
  คอมเมนท์: กรงเล็บอินทรี เ..


 Copyright 2026. Bcnsprnw @Library